[Event "Tradewise Gibraltar Masters 16th"]
[Site "Gibraltar"]
[Date "2018.01.30"]
[Round "8.31"]
[White "Grigoriants, Sergey"]
[Black "Dragnev, Valentin"]
[Result "1-0"]
[WhiteElo "2568"]
[BlackElo "2466"]
[PlyCount "109"]
[EventDate "2018.01.23"]
[EventType "swiss"]
[EventRounds "10"]
[EventCountry "GGB"]
[SourceTitle "BritBase"]
[Source "www.saund.co.uk"]
[SourceDate "2018.02.10"]
[SourceVersion "1"]
[SourceVersionDate "2018.02.10"]
[SourceQuality "1"]

1. c4 e6 2. g3 d5 3. Bg2 Nf6 4. Nf3 dxc4 5. Qa4+ Bd7 6. Qxc4 c5 7. Ne5 Qc8 8.
Qd3 Nc6 9. Nxd7 Nxd7 10. Qb5 Nd4 11. Qa4 Be7 12. d3 O-O 13. Nd2 Rd8 14. Qd1 Rb8
15. a4 Ne5 16. O-O Qd7 17. b3 Rbc8 18. Nc4 Nec6 19. Bd2 b6 20. Rc1 Bf6 21. f4
g6 22. g4 Ne7 23. b4 cxb4 24. Bxb4 Ndc6 25. Bd2 a6 26. Kh1 Rb8 27. f5 b5 28.
axb5 axb5 29. fxg6 hxg6 30. Na5 Nxa5 31. Bxa5 Bg5 32. Bxd8 Qxd8 33. Rb1 Qd4 34.
Bf3 Qh8 35. Qe1 Qh6 36. Qg3 Bf4 37. Qf2 Be3 38. Qg3 Bf4 39. Qf2 Be3 40. Qg2 Kg7
41. Bb7 Rh8 42. Rxb5 Bf4 43. Qf2 Qxh2+ 44. Qxh2 Bxh2 45. Kg2 Bd6 46. Rh1 Rb8
47. Kf3 f5 48. g5 f4 49. Rbb1 Nf5 50. Be4 Nd4+ 51. Kg4 Nxe2 52. Rxb8 Bxb8 53.
Rb1 Be5 54. Rb5 Bd6 55. Rb6 1-0

[Event "Tradewise Gibraltar Masters 16th"]
[Site "Gibraltar"]
[Date "2018.01.30"]
[Round "8.32"]
[White "Huzman, Alexander"]
[Black "Henderson De La Fuente, Lance"]
[Result "0-1"]
[WhiteElo "2561"]
[BlackElo "2429"]
[PlyCount "74"]
[EventDate "2018.01.23"]
[EventType "swiss"]
[EventRounds "10"]
[EventCountry "GGB"]
[SourceTitle "BritBase"]
[Source "www.saund.co.uk"]
[SourceDate "2018.02.10"]
[SourceVersion "1"]
[SourceVersionDate "2018.02.10"]
[SourceQuality "1"]

1. d4 d5 2. c4 e6 3. Nf3 Nf6 4. g3 Be7 5. Bg2 O-O 6. O-O dxc4 7. Qc2 a6 8. a4
Bd7 9. Nbd2 Bc6 10. Qxc4 a5 11. Re1 Bd5 12. Qc2 b6 13. e4 Bb7 14. Ng5 g6 15.
Nb3 Na6 16. h4 c5 17. e5 Nd5 18. Qe2 Nab4 19. Be4 c4 20. Nd2 c3 21. Nb3 Ba6 22.
Qf3 Rc8 23. Rb1 Na2 24. Nxh7 c2 25. Nxf8 cxb1=Q 26. Bxb1 Nxc1 27. Nxg6 fxg6 28.
Qg4 Kf8 29. Qxg6 Nxb3 30. Qh6+ Ke8 31. Qxe6 Qd7 32. Qg6+ Kd8 33. Bf5 Qc6 34.
Qg4 Kc7 35. Bxc8 Bxc8 36. e6 Bb7 37. Qg7 Kb8 0-1

[Event "Tradewise Gibraltar Masters 16th"]
[Site "Gibraltar"]
[Date "2018.01.30"]
[Round "8.33"]
[White "Cuenca Jimenez, Jose Fernando"]
[Black "Peralta, Fernando"]
[Result "1/2-1/2"]
[WhiteElo "2489"]
[BlackElo "2559"]
[PlyCount "82"]
[EventDate "2018.01.23"]
[EventType "swiss"]
[EventRounds "10"]
[EventCountry "GGB"]
[SourceTitle "BritBase"]
[Source "www.saund.co.uk"]
[SourceDate "2018.02.10"]
[SourceVersion "1"]
[SourceVersionDate "2018.02.10"]
[SourceQuality "1"]

1. d4 d5 2. c4 e6 3. Nf3 Nf6 4. Nc3 Bb4 5. cxd5 exd5 6. Bf4 O-O 7. Rc1 c6 8. e3
Bf5 9. Qb3 Qb6 10. Nh4 Be6 11. Bd3 c5 12. dxc5 Bxc5 13. Qxb6 axb6 14. a3 Nh5
15. Bg3 Nc6 16. Nf3 Nxg3 17. hxg3 h6 18. Nb5 Be7 19. O-O Bf6 20. Nfd4 Nxd4 21.
Nxd4 Rfc8 22. Rcd1 Rc5 23. Rd2 Rac8 24. Rfd1 Rc1 25. Kf1 Kf8 26. Ke2 Ke7 27.
Rxc1 Rxc1 28. Rc2 Rxc2+ 29. Bxc2 Bd7 30. b4 g6 31. Bb3 Kd6 32. Kd3 Be8 33. Bd1
Bd7 34. Bb3 Bf5+ 35. Kd2 Bd7 36. Bd1 Bg7 37. g4 Bf6 38. Kd3 Bg7 39. f3 f5 40.
gxf5 Bxf5+ 41. Nxf5+ Ke5 1/2-1/2

[Event "Tradewise Gibraltar Masters 16th"]
[Site "Gibraltar"]
[Date "2018.01.30"]
[Round "8.34"]
[White "Vasquez Schroeder, Rodrigo"]
[Black "Bakalchuk, Johnatan"]
[Result "1/2-1/2"]
[WhiteElo "2554"]
[BlackElo "2400"]
[PlyCount "125"]
[EventDate "2018.01.23"]
[EventType "swiss"]
[EventRounds "10"]
[EventCountry "GGB"]
[SourceTitle "BritBase"]
[Source "www.saund.co.uk"]
[SourceDate "2018.02.10"]
[SourceVersion "1"]
[SourceVersionDate "2018.02.10"]
[SourceQuality "1"]

1. d4 Nf6 2. Nf3 g6 3. g3 Bg7 4. Bg2 O-O 5. O-O d6 6. c4 Nc6 7. d5 Na5 8. Nfd2
c5 9. Nc3 a6 10. Qc2 Rb8 11. a4 Bf5 12. e4 Bd7 13. b3 b6 14. Bb2 e5 15. Ne2 Qc7
16. f4 Ng4 17. Qd3 b5 18. axb5 axb5 19. Qc3 Ra8 20. h3 Ne3 21. Rf3 Nxg2 22.
Kxg2 f5 23. Qc2 b4 24. fxe5 dxe5 25. Nc1 Rae8 26. Nd3 Nb7 27. Ra7 Bc8 28. Qb1
Bh6 29. Qe1 Qb6 30. Ra1 Nd6 31. Nf2 Qd8 32. Qe2 Qg5 33. Rd3 Qd8 34. Re1 Qd7 35.
g4 Bf4 36. Nf3 h5 37. gxf5 gxf5 38. Nh4 Rf7 39. Kh1 Rg7 40. Rg1 Rxg1+ 41. Kxg1
Qg7+ 42. Kh1 Qg5 43. Nxf5 Nxf5 44. exf5 Bxf5 45. Rd1 Kh7 46. Rg1 Qh4 47. Qf3 e4
48. Qg2 Qe7 49. Qg7+ Qxg7 50. Rxg7+ Kh6 51. Rf7 Be5 52. Bxe5 Rxe5 53. Rxf5 Rxf5
54. Nxe4 Rf3 55. Nxc5 Kg6 56. Kg2 Rc3 57. h4 Kf7 58. Kh2 Ke7 59. Kg2 Kd6 60.
Nb7+ Kc7 61. Nc5 Kd6 62. Nb7+ Ke5 63. Na5 1/2-1/2

[Event "Tradewise Gibraltar Masters 16th"]
[Site "Gibraltar"]
[Date "2018.01.30"]
[Round "8.35"]
[White "Prithu, Gupta"]
[Black "Michalik, Peter"]
[Result "0-1"]
[WhiteElo "2373"]
[BlackElo "2553"]
[PlyCount "130"]
[EventDate "2018.01.23"]
[EventType "swiss"]
[EventRounds "10"]
[EventCountry "GGB"]
[SourceTitle "BritBase"]
[Source "www.saund.co.uk"]
[SourceDate "2018.02.10"]
[SourceVersion "1"]
[SourceVersionDate "2018.02.10"]
[SourceQuality "1"]

1. e4 c6 2. Nc3 d5 3. Nf3 Bg4 4. h3 Bxf3 5. Qxf3 Nf6 6. d3 e6 7. Qg3 Bb4 8. Bd2
O-O 9. Be2 dxe4 10. Bh6 Ne8 11. dxe4 Bd6 12. Bf4 Bxf4 13. Qxf4 Nf6 14. O-O Nbd7
15. Bc4 e5 16. Qf3 Nc5 17. Rfd1 Qe7 18. a4 a5 19. Rd2 Rfd8 20. Rad1 Rxd2 21.
Rxd2 Rd8 22. Rxd8+ Qxd8 23. Qf5 Ncd7 24. g4 g6 25. Qf3 Qe7 26. g5 Nh5 27. h4
Nf4 28. Ne2 Nxe2+ 29. Qxe2 Kg7 30. Qd2 b6 31. Bb3 Nc5 32. Qe3 f6 33. Kg2 Qf8
34. Kg3 h6 35. gxh6+ Kh7 36. f3 Qxh6 37. Qc3 Qf4+ 38. Kg2 Qxh4 39. Qc4 Qg5+ 40.
Kf2 Qd2+ 41. Kg3 Qe1+ 42. Kg2 Kh6 43. Qg8 Kg5 44. Qd8 Qe2+ 45. Kg3 Qe3 46. Kg2
Qd4 47. Qh8 b5 48. axb5 cxb5 49. Bf7 Qd2+ 50. Kg3 Qe1+ 51. Kg2 Qh4 52. Qd8 Nxe4
53. fxe4 Qxe4+ 54. Kg3 Qxc2 55. Qd7 Qe2 56. Be8 b4 57. Qg7 Qd3+ 58. Kh2 Qc2+
59. Kh3 Qb3+ 60. Kh2 Qxb2+ 61. Kg3 Qc3+ 62. Kg2 Qc2+ 63. Kg3 Qd3+ 64. Kh2 b3
65. Qa7 b2 0-1

[Event "Tradewise Gibraltar Masters 16th"]
[Site "Gibraltar"]
[Date "2018.01.30"]
[Round "8.36"]
[White "Paehtz, Thomas"]
[Black "Perez Ponsa, Federico"]
[Result "0-1"]
[WhiteElo "2356"]
[BlackElo "2553"]
[PlyCount "64"]
[EventDate "2018.01.23"]
[EventType "swiss"]
[EventRounds "10"]
[EventCountry "GGB"]
[SourceTitle "BritBase"]
[Source "www.saund.co.uk"]
[SourceDate "2018.02.10"]
[SourceVersion "1"]
[SourceVersionDate "2018.02.10"]
[SourceQuality "1"]

1. e4 c5 2. Nf3 d6 3. Bb5+ Nd7 4. O-O a6 5. Bxd7+ Bxd7 6. Re1 Nf6 7. c4 g6 8.
d4 cxd4 9. Nxd4 Bg7 10. b3 O-O 11. Bb2 b5 12. cxb5 axb5 13. h3 Qb6 14. Nd2 Rfc8
15. a3 Qb7 16. b4 e5 17. N4b3 Be6 18. Na5 Qe7 19. Nf3 Nh5 20. Bc1 h6 21. Be3
Qd7 22. Qd2 Kh7 23. Red1 Nf6 24. Qd3 d5 25. Nxe5 Qe8 26. Bd4 dxe4 27. Qg3 Rd8
28. Nec6 Rd7 29. Be5 Bd5 30. Qc3 Qe6 31. Rac1 Rc8 32. Bh2 Bxc6 0-1

[Event "Tradewise Gibraltar Masters 16th"]
[Site "Gibraltar"]
[Date "2018.01.30"]
[Round "8.37"]
[White "Cramling, Pia"]
[Black "Pichot, Alan"]
[Result "1/2-1/2"]
[WhiteElo "2449"]
[BlackElo "2552"]
[PlyCount "88"]
[EventDate "2018.01.23"]
[EventType "swiss"]
[EventRounds "10"]
[EventCountry "GGB"]
[SourceTitle "BritBase"]
[Source "www.saund.co.uk"]
[SourceDate "2018.02.10"]
[SourceVersion "1"]
[SourceVersionDate "2018.02.10"]
[SourceQuality "1"]

1. d4 Nf6 2. Nf3 g6 3. g3 Bg7 4. Bg2 O-O 5. O-O d6 6. b3 e5 7. dxe5 dxe5 8. Ba3
Qxd1 9. Rxd1 Re8 10. Nc3 e4 11. Nd4 a6 12. Na4 b5 13. Nc5 Nbd7 14. c3 Nxc5 15.
Bxc5 Nd7 16. b4 Nxc5 17. bxc5 Bf8 18. a4 bxa4 19. Rxa4 Bxc5 20. Nb3 Bf8 21.
Rxe4 Rxe4 22. Bxe4 Rb8 23. Nd4 Rb2 24. e3 Bg7 25. h4 Bf6 26. Bf3 Kg7 27. Ra1 c5
28. Ne2 Be5 29. Ra3 Bd7 30. Nf4 Bb5 31. Nd5 c4 32. Kg2 h6 33. g4 g5 34. hxg5
hxg5 35. Be4 Rd2 36. Nb4 Bd6 37. Ra1 Bc5 38. Kg3 Rd6 39. Nc2 Rd2 40. Nd4 Bxd4
41. exd4 Rb2 42. Kf3 Rb3 43. Rc1 a5 44. Ke3 Kf6 1/2-1/2

[Event "Tradewise Gibraltar Masters 16th"]
[Site "Gibraltar"]
[Date "2018.01.30"]
[Round "8.38"]
[White "Kaidanov, Gregory"]
[Black "Paramzina, Anastasya"]
[Result "1-0"]
[WhiteElo "2548"]
[BlackElo "2225"]
[PlyCount "97"]
[EventDate "2018.01.23"]
[EventType "swiss"]
[EventRounds "10"]
[EventCountry "GGB"]
[SourceTitle "BritBase"]
[Source "www.saund.co.uk"]
[SourceDate "2018.02.10"]
[SourceVersion "1"]
[SourceVersionDate "2018.02.10"]
[SourceQuality "1"]

1. Nf3 d5 2. g3 Nf6 3. Bg2 c6 4. O-O Bg4 5. d3 Nbd7 6. Qe1 e5 7. e4 dxe4 8.
dxe4 Bxf3 9. Bxf3 Be7 10. a4 a5 11. Nd2 Bb4 12. Qe2 O-O 13. Bg2 Re8 14. Nc4 Qc7
15. Bg5 h6 16. Be3 Bc5 17. Bd2 Bf8 18. Kh1 Nc5 19. Bc3 Nfd7 20. b3 b6 21. Bh3
Rad8 22. Rad1 Ne6 23. Qh5 Nd4 24. Bxd7 Rxd7 25. f4 Nxc2 26. Bxe5 Qb7 27. Rxd7
Qxd7 28. Rd1 Qb7 29. Qf5 Re6 30. Rd8 Qe7 31. Rd2 Qb4 32. Qg4 Ne3 33. Qe2 Nxc4
34. bxc4 Qxa4 35. Rd8 c5 36. Qd3 Qc6 37. Qd5 a4 38. Bc3 b5 39. Qxc6 Rxc6 40.
cxb5 Rb6 41. e5 g6 42. g4 f5 43. exf6 Kf7 44. Ra8 Rxb5 45. Rxa4 Bd6 46. Ra7+
Ke6 47. Ra6 Kd7 48. Be5 Bb8 49. f7 1-0

[Event "Tradewise Gibraltar Masters 16th"]
[Site "Gibraltar"]
[Date "2018.01.30"]
[Round "8.39"]
[White "Gopal, Geetha Narayanan"]
[Black "Ladron De Guevara Pinto, Paolo"]
[Result "1-0"]
[WhiteElo "2593"]
[BlackElo "2427"]
[PlyCount "63"]
[EventDate "2018.01.23"]
[EventType "swiss"]
[EventRounds "10"]
[EventCountry "GGB"]
[SourceTitle "BritBase"]
[Source "www.saund.co.uk"]
[SourceDate "2018.02.10"]
[SourceVersion "1"]
[SourceVersionDate "2018.02.10"]
[SourceQuality "1"]

1. e4 e5 2. Nf3 Nc6 3. Bb5 a6 4. Ba4 Nf6 5. O-O Be7 6. Re1 b5 7. Bb3 d6 8. c3
O-O 9. h3 Na5 10. Bc2 c5 11. d4 Nd7 12. a4 b4 13. cxb4 cxb4 14. Nbd2 Bb7 15.
Nf1 Re8 16. Ne3 b3 17. Bb1 exd4 18. Nf5 Bf8 19. N3xd4 Nc5 20. Qg4 Kh8 21. Bd2
Nc4 22. Bc3 Ne5 23. Qg3 Ng6 24. h4 Bxe4 25. h5 Bxb1 26. Raxb1 Ne5 27. h6 g6 28.
Nc6 Qb6 29. Nxd6 Bxd6 30. Nxe5 Bxe5 31. Rxe5 Kg8 32. Qe3 1-0

[Event "Tradewise Gibraltar Masters 16th"]
[Site "Gibraltar"]
[Date "2018.01.30"]
[Round "8.40"]
[White "Wemmers, Xander"]
[Black "Huschenbeth, Niclas"]
[Result "0-1"]
[WhiteElo "2430"]
[BlackElo "2587"]
[PlyCount "46"]
[EventDate "2018.01.23"]
[EventType "swiss"]
[EventRounds "10"]
[EventCountry "GGB"]
[SourceTitle "BritBase"]
[Source "www.saund.co.uk"]
[SourceDate "2018.02.10"]
[SourceVersion "1"]
[SourceVersionDate "2018.02.10"]
[SourceQuality "1"]

1. d4 Nf6 2. c4 e6 3. Nc3 Bb4 4. e3 b6 5. Nge2 Ne4 6. f3 Nxc3 7. bxc3 Bd6 8. e4
O-O 9. Be3 c5 10. Ng3 cxd4 11. cxd4 Qh4 12. e5 Bb4+ 13. Kf2 Bb7 14. Be2 Be7 15.
Qd2 Nc6 16. Rhf1 d6 17. exd6 Bxd6 18. Rad1 Rad8 19. Kg1 h6 20. f4 Bc5 21. Qc3
Nxd4 22. Rxd4 Rxd4 23. Bxd4 Qf6 0-1

[Event "Tradewise Gibraltar Masters 16th"]
[Site "Gibraltar"]
[Date "2018.01.30"]
[Round "8.41"]
[White "Kosteniuk, Alexandra"]
[Black "Martinez Martin, David"]
[Result "1-0"]
[WhiteElo "2561"]
[BlackElo "2399"]
[PlyCount "71"]
[EventDate "2018.01.23"]
[EventType "swiss"]
[EventRounds "10"]
[EventCountry "GGB"]
[SourceTitle "BritBase"]
[Source "www.saund.co.uk"]
[SourceDate "2018.02.10"]
[SourceVersion "1"]
[SourceVersionDate "2018.02.10"]
[SourceQuality "1"]

1. e4 c5 2. Nf3 d6 3. Bb5+ Nd7 4. c3 Ngf6 5. Qe2 a6 6. Ba4 b5 7. Bc2 Bb7 8. d4
e5 9. d5 Be7 10. a4 c4 11. Nbd2 Nc5 12. Nf1 Nxa4 13. Bxa4 bxa4 14. Qxc4 O-O 15.
Qxa4 a5 16. Qc2 Nd7 17. c4 Qc7 18. Ne3 Nb6 19. Bd2 a4 20. O-O Rfc8 21. Rfc1 g6
22. Bb4 Bf8 23. Ra3 Qd8 24. Qd1 Bh6 25. Rac3 Ba6 26. Nd2 Rab8 27. Ba3 Rb7 28.
c5 dxc5 29. Bxc5 Rbc7 30. Ng4 Bxd2 31. Qxd2 Nc4 32. Rxc4 Bxc4 33. Bb6 Bb3 34.
Bxc7 Rxc7 35. Nf6+ Kh8 36. Rxc7 1-0

[Event "Tradewise Gibraltar Masters 16th"]
[Site "Gibraltar"]
[Date "2018.01.30"]
[Round "8.42"]
[White "Sonis, Francesco"]
[Black "Baron, Tal"]
[Result "1/2-1/2"]
[WhiteElo "2425"]
[BlackElo "2548"]
[PlyCount "123"]
[EventDate "2018.01.23"]
[EventType "swiss"]
[EventRounds "10"]
[EventCountry "GGB"]
[SourceTitle "BritBase"]
[Source "www.saund.co.uk"]
[SourceDate "2018.02.10"]
[SourceVersion "1"]
[SourceVersionDate "2018.02.10"]
[SourceQuality "1"]

1. e4 e6 2. d4 d5 3. Nd2 Be7 4. Ngf3 Nf6 5. Bd3 c5 6. dxc5 dxe4 7. Nxe4 Nxe4 8.
Bxe4 Qxd1+ 9. Kxd1 Bxc5 10. Ke2 Nd7 11. Nd2 Nf6 12. Bf3 e5 13. Ne4 Nxe4 14.
Bxe4 Rb8 15. Be3 Bxe3 16. Kxe3 Be6 17. Rhd1 Ke7 18. a4 f5 19. Bf3 g5 20. Bd5
Rhd8 21. Bxe6 Kxe6 22. Rxd8 Rxd8 23. f3 f4+ 24. Ke2 e4 25. fxe4 Ke5 26. Ra3
Kxe4 27. Rb3 Rd7 28. Rb5 h6 29. h3 Re7 30. Rb4+ Kd5+ 31. Kf2 b6 32. h4 Ke5 33.
Rb5+ Kf6 34. hxg5+ hxg5 35. g3 fxg3+ 36. Kxg3 Re3+ 37. Kf2 Re5 38. Rb4 Kf5 39.
Kf3 Rd5 40. Re4 Rd2 41. Re7 Rxc2 42. Rf7+ Ke5 43. Rxa7 Rxb2 44. a5 b5 45. a6
Kd5 46. Rg7 Ra2 47. a7 Kd4 48. Rb7 Kc4 49. Ke4 b4 50. Rc7+ Kb3 51. Kd5 Ra6 52.
Kc5 Ka4 53. Rb7 Ra5+ 54. Kc4 Ka3 55. Rxb4 Rxa7 56. Rb3+ Ka2 57. Rg3 g4 58. Kd5
Ra5+ 59. Ke4 Ra4+ 60. Kf5 Rb4 61. Rxg4 Rxg4 62. Kxg4 1/2-1/2

[Event "Tradewise Gibraltar Masters 16th"]
[Site "Gibraltar"]
[Date "2018.01.30"]
[Round "8.43"]
[White "Solomon, Kenny"]
[Black "Moroni, Luca Jr"]
[Result "0-1"]
[WhiteElo "2420"]
[BlackElo "2547"]
[PlyCount "94"]
[EventDate "2018.01.23"]
[EventType "swiss"]
[EventRounds "10"]
[EventCountry "GGB"]
[SourceTitle "BritBase"]
[Source "www.saund.co.uk"]
[SourceDate "2018.02.10"]
[SourceVersion "1"]
[SourceVersionDate "2018.02.10"]
[SourceQuality "1"]

1. d4 e6 2. Nf3 c5 3. e4 cxd4 4. Nxd4 a6 5. Bd3 d6 6. O-O Nd7 7. c3 Ngf6 8. Qe2
Be7 9. Rd1 Qc7 10. Bc2 O-O 11. Nd2 Re8 12. Nf1 b5 13. a4 bxa4 14. Bxa4 Bb7 15.
Ng3 Rec8 16. Bg5 Nf8 17. Bc2 h6 18. Be3 N8d7 19. f4 Bf8 20. Kh1 Rab8 21. Bd2
Re8 22. Ba4 Red8 23. Bc2 Re8 24. Ba4 Re7 25. Nf3 g6 26. e5 dxe5 27. Nxe5 Nxe5
28. fxe5 Nd7 29. Bf4 Bg7 30. Re1 Bd5 31. h4 Bc4 32. Qe3 Rxb2 33. Bxh6 Qxe5 34.
Bg5 Qxe3 35. Rxe3 f6 36. Bf4 e5 37. Ree1 Bd5 38. Rad1 Bxg2+ 39. Kg1 Nc5 40. Bc1
Ra2 41. Rd8+ Kh7 42. Bd1 Bb7 43. Re2 Ra1 44. Bb2 Rb1 45. Kf2 Ne6 46. Rd6 Nf4
47. Bc2 Nh3+ 0-1

[Event "Tradewise Gibraltar Masters 16th"]
[Site "Gibraltar"]
[Date "2018.01.30"]
[Round "8.44"]
[White "Muzychuk, Mariya"]
[Black "Batchimeg, Tuvshintugs"]
[Result "1-0"]
[WhiteElo "2540"]
[BlackElo "2398"]
[PlyCount "61"]
[EventDate "2018.01.23"]
[EventType "swiss"]
[EventRounds "10"]
[EventCountry "GGB"]
[SourceTitle "BritBase"]
[Source "www.saund.co.uk"]
[SourceDate "2018.02.10"]
[SourceVersion "1"]
[SourceVersionDate "2018.02.10"]
[SourceQuality "1"]

1. c4 Nf6 2. g3 g6 3. Bg2 Bg7 4. Nc3 O-O 5. d4 d6 6. Nf3 Nc6 7. O-O Bg4 8. h3
Bxf3 9. Bxf3 e5 10. d5 Ne7 11. e4 Nd7 12. h4 f5 13. Bg2 Nf6 14. f3 c6 15. Bh3
cxd5 16. cxd5 Qb6+ 17. Kg2 Rac8 18. Qe2 a6 19. g4 Rc7 20. Bg5 Qb4 21. gxf5 gxf5
22. f4 Nxe4 23. Nxe4 Nxd5 24. fxe5 dxe5 25. Bxf5 Kh8 26. Rad1 Nf4+ 27. Bxf4
exf4 28. Rxf4 Be5 29. Rf3 Rg7+ 30. Kh3 Bb8 31. Rd7 1-0

[Event "Tradewise Gibraltar Masters 16th"]
[Site "Gibraltar"]
[Date "2018.01.30"]
[Round "8.45"]
[White "Santos Ruiz, Miguel"]
[Black "Kozak, Adam"]
[Result "0-1"]
[WhiteElo "2510"]
[BlackElo "2418"]
[PlyCount "82"]
[EventDate "2018.01.23"]
[EventType "swiss"]
[EventRounds "10"]
[EventCountry "GGB"]
[SourceTitle "BritBase"]
[Source "www.saund.co.uk"]
[SourceDate "2018.02.10"]
[SourceVersion "1"]
[SourceVersionDate "2018.02.10"]
[SourceQuality "1"]

1. d4 Nf6 2. c4 e6 3. Nc3 d5 4. cxd5 exd5 5. Bg5 c6 6. e3 Nbd7 7. Bd3 Be7 8. h3
O-O 9. Qc2 Re8 10. Nf3 Nf8 11. O-O a5 12. Rae1 g6 13. Ne5 N6d7 14. Bxe7 Qxe7
15. f4 Qd6 16. Qf2 f6 17. Nf3 f5 18. g4 Nf6 19. gxf5 Bxf5 20. Bxf5 gxf5 21. Kh2
Ng6 22. Rg1 Qe6 23. Rg5 Kh8 24. Ne5 Rg8 25. Reg1 Nxe5 26. fxe5 Ng4+ 27. R5xg4
fxg4 28. Ne2 gxh3 29. Nf4 Qf5 30. Rxg8+ Rxg8 31. Qh4 Qg5 32. Kxh3 Qxh4+ 33.
Kxh4 Rg1 34. Nh3 Rg2 35. Nf4 Rg1 36. Nh3 Rg7 37. Kh5 Kg8 38. Ng5 Rg6 39. e6 Rg7
40. Kh6 Rg6+ 41. Kh5 Kg7 0-1

[Event "Tradewise Gibraltar Masters 16th"]
[Site "Gibraltar"]
[Date "2018.01.30"]
[Round "8.46"]
[White "Kollars, Dmitrij"]
[Black "Mohammad, Nubairshah Shaikh"]
[Result "1/2-1/2"]
[WhiteElo "2505"]
[BlackElo "2380"]
[PlyCount "118"]
[EventDate "2018.01.23"]
[EventType "swiss"]
[EventRounds "10"]
[EventCountry "GGB"]
[SourceTitle "BritBase"]
[Source "www.saund.co.uk"]
[SourceDate "2018.02.10"]
[SourceVersion "1"]
[SourceVersionDate "2018.02.10"]
[SourceQuality "1"]

1. e4 c6 2. d4 d5 3. exd5 cxd5 4. Bf4 Nc6 5. c3 Nf6 6. Nd2 Bf5 7. Ngf3 e6 8.
Bb5 Bd6 9. Bxd6 Qxd6 10. O-O O-O 11. Nb3 Bg4 12. Nc5 Rab8 13. Re1 Rfc8 14. a4
e5 15. Bxc6 exd4 16. cxd4 Rxc6 17. h3 Bxf3 18. Qxf3 b6 19. Nd3 Rc4 20. Qe3 Rbc8
21. a5 h6 22. a6 Re8 23. Ne5 Qb4 24. Red1 Rc2 25. b3 Ne4 26. f3 Nc3 27. Re1
Qxb3 28. Kh2 Qb2 29. Qf4 Rxg2+ 30. Kh1 f6 31. Nd3 Rxe1+ 32. Rxe1 Qd2 33. Qxd2
Rxd2 34. Nf4 Rxd4 35. Ng6 Ra4 36. Re7 Rxa6 37. f4 f5 38. h4 h5 39. Rb7 Ne4 40.
Ne7+ Kf8 41. Nxf5 Ra1+ 42. Kg2 Ra2+ 43. Kf3 Ra3+ 44. Kg2 Nc5 45. Rxg7 Ne6 46.
Rh7 b5 47. Nd6 Nxf4+ 48. Kf2 Kg8 49. Rb7 a6 50. Ne8 Kf8 51. Nf6 b4 52. Rd7 Nh3+
53. Kg2 Nf4+ 54. Kf2 Nd3+ 55. Ke2 Nc1+ 56. Kf2 Nd3+ 57. Ke2 Nf4+ 58. Kf2 Nh3+
59. Kg2 Nf4+ 1/2-1/2

[Event "Tradewise Gibraltar Masters 16th"]
[Site "Gibraltar"]
[Date "2018.01.30"]
[Round "8.47"]
[White "Wallace, John Paul"]
[Black "Gunina, Valentina"]
[Result "0-1"]
[WhiteElo "2415"]
[BlackElo "2502"]
[PlyCount "110"]
[EventDate "2018.01.23"]
[EventType "swiss"]
[EventRounds "10"]
[EventCountry "GGB"]
[SourceTitle "BritBase"]
[Source "www.saund.co.uk"]
[SourceDate "2018.02.10"]
[SourceVersion "1"]
[SourceVersionDate "2018.02.10"]
[SourceQuality "1"]

1. Nf3 Nf6 2. c4 e6 3. g3 b6 4. Bg2 Bb7 5. O-O c5 6. b3 Be7 7. Bb2 O-O 8. Nc3
d6 9. e3 d5 10. cxd5 Nxd5 11. d4 Nxc3 12. Bxc3 Nd7 13. Rc1 Rc8 14. Qe2 Qc7 15.
Qb2 f6 16. dxc5 Nxc5 17. Bd4 Qb8 18. Bxc5 Bxc5 19. b4 Be7 20. Nd4 Bxg2 21. Kxg2
Qe5 22. Qb3 Kf7 23. b5 Bc5 24. Nc6 Qe4+ 25. Kg1 a6 26. a4 axb5 27. axb5 Ra8 28.
Qd1 Ra2 29. Qd7+ Kg6 30. Rxc5 bxc5 31. b6 Rb2 32. b7 Rf7 33. Qe8 Rbxb7 34. Nd8
Rbe7 35. Qh8 Qa4 36. Qg8 Qe8 37. Qxe8 Rxe8 38. Nxf7 Kxf7 39. Ra1 Rc8 40. Ra7+
Kg6 41. Kf1 c4 42. Ke2 c3 43. Ra1 e5 44. e4 f5 45. Kd3 c2 46. Rc1 fxe4+ 47.
Kxe4 Kg5 48. f3 Kf6 49. Kd3 Kf5 50. h4 h5 51. Rxc2 Rxc2 52. Kxc2 e4 53. Kd2
exf3 54. Ke3 Kg4 55. Kf2 g6 0-1

[Event "Tradewise Gibraltar Masters 16th"]
[Site "Gibraltar"]
[Date "2018.01.30"]
[Round "8.48"]
[White "Mkrtchian, Lilit"]
[Black "Gagare, Shardul"]
[Result "0-1"]
[WhiteElo "2378"]
[BlackElo "2494"]
[PlyCount "124"]
[EventDate "2018.01.23"]
[EventType "swiss"]
[EventRounds "10"]
[EventCountry "GGB"]
[SourceTitle "BritBase"]
[Source "www.saund.co.uk"]
[SourceDate "2018.02.10"]
[SourceVersion "1"]
[SourceVersionDate "2018.02.10"]
[SourceQuality "1"]

1. Nf3 d5 2. g3 Nf6 3. Bg2 Bf5 4. O-O e6 5. c4 c6 6. cxd5 exd5 7. d3 Be7 8. Qb3
Qb6 9. Qc2 O-O 10. Nc3 Na6 11. a3 Nc5 12. b4 Ne6 13. Nh4 Bg6 14. Nxg6 hxg6 15.
Rb1 Rfd8 16. e3 d4 17. Na4 Qa6 18. Rd1 b5 19. Nc5 Bxc5 20. bxc5 Nd5 21. Re1 Qa4
22. Qxa4 bxa4 23. exd4 Nxd4 24. Bg5 Rd7 25. Be3 Nb5 26. Rec1 Rc8 27. Rb2 Nxe3
28. fxe3 Rxd3 29. Bxc6 Rxc6 30. Rxb5 Rxe3 31. Rc4 Rb3 32. Rbb4 a5 33. Rxa4 Rb5
34. Rd4 Rcxc5 35. Rd8+ Kh7 36. Rh4+ Rh5 37. Rxh5+ gxh5 38. Ra8 Kg6 39. Kf2 Rb2+
40. Kg1 Rb5 41. Kf2 Kg5 42. a4 Rf5+ 43. Kg2 g6 44. Ra6 Kg4 45. Rc6 Rd5 46. h3+
Kf5 47. Rc7 f6 48. Rc6 Rd2+ 49. Kf3 Rd3+ 50. Kg2 Ra3 51. g4+ hxg4 52. hxg4+
Kxg4 53. Rxf6 Ra2+ 54. Kg1 g5 55. Rc6 Rxa4 56. Rc5 Ra2 57. Rc4+ Kg3 58. Rc3+
Kh4 59. Rc5 g4 60. Rd5 Kh3 61. Rg5 a4 62. Kf1 a3 0-1

[Event "Tradewise Gibraltar Masters 16th"]
[Site "Gibraltar"]
[Date "2018.01.30"]
[Round "8.49"]
[White "Haria, Ravi"]
[Black "Christiansen, Johan-Sebastian"]
[Result "1/2-1/2"]
[WhiteElo "2374"]
[BlackElo "2492"]
[PlyCount "126"]
[EventDate "2018.01.23"]
[EventType "swiss"]
[EventRounds "10"]
[EventCountry "GGB"]
[SourceTitle "BritBase"]
[Source "www.saund.co.uk"]
[SourceDate "2018.02.10"]
[SourceVersion "1"]
[SourceVersionDate "2018.02.10"]
[SourceQuality "1"]

1. e4 e6 2. d4 d5 3. exd5 exd5 4. Nf3 Nc6 5. Bb5 Bd6 6. c4 dxc4 7. d5 a6 8. Ba4
b5 9. dxc6 bxa4 10. O-O Ne7 11. Nbd2 Be6 12. Qxa4 Bd5 13. Nxc4 Bxc6 14. Nxd6+
Qxd6 15. Qf4 Qxf4 16. Bxf4 Bxf3 17. gxf3 Nd5 18. Rfe1+ Kd7 19. Rad1 c6 20. Bc1
Rhe8 21. Kf1 Rxe1+ 22. Rxe1 f5 23. Rd1 Rb8 24. Rd3 Rb4 25. b3 Rb5 26. Ke1 Ke6
27. Bd2 c5 28. f4 Rb7 29. Rh3 g6 30. Ke2 Kd6 31. Rd3 Kc6 32. Kd1 Rd7 33. Ke2
Re7+ 34. Kf1 Nf6 35. f3 Nd5 36. Kf2 Rd7 37. Ke2 Rg7 38. Kf2 Rg8 39. Kf1 Rc8 40.
Kf2 Kd6 41. Ke2 Ke6 42. Kf2 Rc6 43. Ke2 a5 44. Kf2 a4 45. bxa4 c4 46. Rd4 c3
47. Bc1 Rb6 48. Ke2 Rb2+ 49. Kd3 Rxa2 50. h4 h5 51. Rc4 Ra1 52. Be3 Re1 53. Bd4
Rd1+ 54. Kc2 Rd2+ 55. Kb3 c2 56. Bb2 Rd3+ 57. Kxc2 Rxf3 58. Rc6+ Kd7 59. Rxg6
Rxf4 60. Be5 Nb4+ 61. Kb3 Re4 62. Rd6+ Kc7 63. Rd4+ Rxe5 1/2-1/2